Information systems outsourcing : enduring themes, new perspectives, and global challenges /

Bibliographic Details
Other Authors: Hirschheim, R. A. (Rudy A.), Heinzl, Armin, Dibbern, Jens, 1971-
Format: Book
Language:English
Published: Berlin ; New York : Springer-Verlag, [2006]
Edition:2nd ed.
Subjects:
Online Access:Table of contents only

MARC

Tag First Indicator Second Indicator Subfields
LEADER 00000cam a22000004a 4500
001 in00002221821
005 20151104153716.0
008 060601s2006 gw a b 001 0 eng
010 |a  2006928425 
016 7 |a 979844592  |2 GyFmDB 
020 |a 9783540348757 
024 3 |a 9783540348757 
029 1 |a OHX  |b har060079742 
029 1 |a YDXCP  |b 2440386 
035 |a (OCoLC)ocm71336474 
035 |a (OCoLC)71336474 
040 |a DLC  |c DLC  |d OHX  |d BAKER  |d YDXCP  |d BTCTA  |d UtOrBLW 
049 |a TXAM 
050 0 0 |a HD9696.67.A2  |b I53 2006 
072 7 |a T  |2 lcco 
245 0 0 |a Information systems outsourcing :  |b enduring themes, new perspectives, and global challenges /  |c Rudy Hirschheim, Armin Heinzl, Jens Dibbern, editors. 
250 |a 2nd ed. 
264 1 |a Berlin ;  |a New York :  |b Springer-Verlag,  |c [2006] 
264 4 |c ©2006 
300 |a x, 704 pages :  |b illustrations ;  |c 24 cm. 
336 |a text  |b txt  |2 rdacontent 
337 |a unmediated  |b n  |2 rdamedia 
338 |a volume  |b nc  |2 rdacarrier 
504 |a Includes bibliographical references and index. 
650 0 |a Computer service industry. 
650 0 |a Information resources management. 
650 0 |a Electronic data processing departments  |x Contracting out. 
650 0 |a Office equipment leases. 
650 0 |a Industrial equipment leases. 
650 0 |a Industrial procurement. 
650 0 |a Market surveys. 
700 1 |a Hirschheim, R. A.  |q (Rudy A.) 
700 1 |a Heinzl, Armin. 
700 1 |a Dibbern, Jens,  |d 1971- 
856 4 1 |3 Table of contents only  |u http://www.loc.gov/catdir/toc/fy0704/2006928425.html  |t 0 
938 |a Otto Harrassowitz  |b HARR  |n har060079742  |c 106.95 EUR 
938 |a Baker & Taylor  |b BKTY  |c 129.00  |d 129.00  |i 3540348751  |n 0006837689  |s active 
938 |a YBP Library Services  |b YANK  |n 2440386 
938 |a Baker and Taylor  |b BTCP  |n 2006928425 
945 |a PromptCat  |b 80449 
946 |a west,stk 
947 |a A14835538726 
948 |a cataloged  |b h  |c 2007/3/7  |d c  |e achopde  |f 1:34:09 pm 
994 |a 92  |b TXA 
999 |a MARS 
999 f f |s 7b962903-8fdb-3c88-ba8d-3cbd3c0e2ddd  |i 3c7586c8-bcb6-37d7-b86a-8bfbc9ea2d9c  |t 0 
952 f f |p ric  |a Texas A&M University  |b Rellis Campus  |c Joint Library Facility  |d Remote Storage  |t 0  |e HD9696.67.A2 I53 2006  |h Library of Congress classification  |i unmediated -- volume  |m A14835538726 
998 f f |a HD9696.67.A2 I53 2006  |t 0  |l Remote Storage